000 00381nam a2200169Ia 4500
005 20250423100149.0
008 250422s9999 xx 000 0 und d
020 _a9878123917900
050 _aRS 403 .B35/
100 _aBalkishen, Razdan
245 0 _aMedical chemistry
260 _aNew delhi
260 _bS. chand
260 _c2010
300 _a828 p
942 _cBK
999 _c32473
_d32473